000 00636nam a2200217 a 4500
999 _c3659
_d3659
001 3659
003 BD-JhCC
005 20221018134024.0
008 171115s2005 bg a|||| |||| 000 0 ben d
020 _a9847763895
035 _a(BD-JhCC)3659
040 _aBD-JhCC
_dBD-JhCC
041 _aben
082 _a891.4409
_bBIV 2005
100 _aবিভূতিভূষণ
245 _aবিভূতিভূষণ-রচনাবলি /
_cবিভূতিভূষণ
260 _aঢাকা:
_bঐতিহ্য,
_c২০০৫
300 _a688 p.;
_c22 cm
650 _aCompilation of Literary works
942 _2ddc
_cBK
_07